Варвара Убрих, калугерица в Краков (Запис номер 56351)
[ съкратено ]
| 000 -Лидер | |
|---|---|
| Контролно поле с фиксирана дължина | 01419nam a2200313 c 4500 |
| 003 - Код на организацията, давaща контролен номер | |
| Контролно поле | BLK |
| 005 - Дата и час на последна редакция | |
| Контролно поле | 20180422102005.0 |
| 008 - Елементи от данни с фиксирана дължина | |
| fixed length control field | 180408b bul|||||r ||||||| ||bul|| |
| 010 ## - Наследен системен номер | |
| LC control number | KNG00060331000 |
| 040 ## - Източник на каталожния запис | |
| Идентификатор на билиотеката - собственик на записа | BLK |
| 041 ## - Код за език | |
| Код за езика на текст/звукозапис или на отделно заглавие | Български |
| Код за езика КДБФ | Български |
| 072 #7 - Код за тематичната категория | |
| Код организация | bullib |
| Код за тематична категория | С |
| Текст | Старопечатен фонд |
| 080 ## - УДК | |
| Текстов определител УДК | Полска литература |
| УДК код - определител по УДК | 821.162.1 |
| УДК определител | -32 |
| УДК - код + определител | 821.162.1-32 |
| 100 1# - Редна дума - Автор | |
| Автор | Крашевски, Юзеф Игнаци |
| Авторска отговорност | първи автор |
| R(LIN) | 286822 |
| 139 ## - Редно поле | |
| Редна дума | Крашевски, Юзеф Игнаци |
| Авторски знак | Крал - К 89 |
| 245 10 - Сведения за заглавието | |
| Заглавие | Варвара Убрих, калугерица в Краков |
| Подзаглавни данни | Истинска повест / Написана от И. К. ; Превел от румънски П. Кисимов ; Издава Н. Тодоров |
| Редно поле (дума) | Юзеф Игнаци Крашевски; прев. от рум. Пандели Хаджигеоргиев Кисимов; * Н. Тодоров. |
| 257 ## - Страна на издаване | |
| Страна на създаване/издаване | България |
| 260 ## - Област на издателските данни | |
| -- | Цариград |
| Година на издаване | 1873 |
| Печатница | Цариград : В печатницата на "Читалище" |
| 300 ## - Физическа характеристика | |
| Страници | [4], 124 с. |
| Размери/Мащаб | 18 см |
| 380 ## - Жанр | |
| Жанр | Худож. лит. |
| 659 ## - Тематичен бюлетин | |
| Тематичен бюлетин | С |
| 700 1# - Други автори (авторска отговорност) | |
| Лично име | Кисимов, Пандели Хаджигеоргиев |
| Автороска отговорност (Описва отношението между автора и произведението) | прев. от рум. |
| 9 (RLIN) | 369306 |
| 700 1# - Други автори (авторска отговорност) | |
| Лично име | Тодоров, Н. |
| Автороска отговорност (Описва отношението между автора и произведението) | * |
| 9 (RLIN) | 286823 |
| 852 ## - Местоположение | |
| Форматна сигнатура | Цб Ст 4583 * 1466 |
| 856 4# - Електронен адрес и достъп | |
| Електронен формат | pdf - файл |
| Път до файла /url/ | |
| 856 4# - Електронен адрес и достъп | |
| Електронен формат | pdf - файл |
| Път до файла /url/ | |
| 942 ## - АРТИКУЛИ | |
| Вид на библиотечния материал | Книги |
| Скрит в OPAC | Не |
| 944 ## - СЪЗДАВАНЕ И РЕДАКЦИЯ на ЗАПИСА | |
| Създаване/Редакция | Създаване |
| Дата на регистрацията/редакция | 07.08.2014 |
| Служител, извършил регистрацията/редакцията | Христина_Везирева |
| 944 ## - СЪЗДАВАНЕ И РЕДАКЦИЯ на ЗАПИСА | |
| Създаване/Редакция | Редакция |
| Дата на регистрацията/редакция | 07.08.2014 |
| Служител, извършил регистрацията/редакцията | |
| 999 ## - СИСТЕМНИ КОНТРОЛНИ НОМЕРА | |
| Koha biblionumber | 56351 |
| Koha biblioitemnumber | 56351 |
| Код за отписване | Код за изгубен артикул | Източник на класификационната схема | Код за повреда | Коз за рестрикции | Код за отдаване | Артикулен № | Име на библиотеката - собственик | Име на библиотеката, в която се намира в момента | Статус (Текущо местоположение) | Дата на вписване в системата | Местоположение - отдел | Цена в лева | Инвентарен номер | Систематично азбучна сигнатура | Баркод | Номер на екземпляра | Цена в евро | Служебна бележка | Служебен тип на артикула |
|---|---|---|---|---|---|---|---|---|---|---|---|---|---|---|---|---|---|---|---|
| Не е изгубен | Universal Decimal Classification | Не е повреден | само за читалня | Специални фондове ( старопечатни, редки и ценни, фонд М. Арнаудов) | 89214 | Регионална библиотека "Любен Каравелов" Русе | Регионална библиотека "Любен Каравелов" Русе | Старопечатен фонд | 1873-01-01 | Старопечатен фонд | 1.02 | 13741/58-ст | Цб Ст 4583 * 1466 | 900000000371 | 1 | 0.52 | Дост: DA Вид: Сф Дата: 01.01.1873 Дата инв: 02.04.2018 Бележки инв: СТ2018 | Книги |